Sci-Fi Movies Starting with M - Statistics

General Stats
  • This quiz has been taken 8 times
    4 since last reset
  • The average score is 9 of 23
Answer Stats
# Answer % Correct
7 The Matrix
100%
13 Men in Black
75%
1 Mad Max
50%
4 Mars Attacks!
50%
9 Meet the Robinsons
50%
11 Megamind
50%
17 Monsters vs Aliens
50%
5 The Martian
50%
6 The Marvels
50%
8 The Maze Runner
50%
10 The Meg
50%
12 M3GAN
25%
3 Man in the Moon
25%
14 Mighty Morphin Power Rangers: The Movie
25%
16 Mongolian Death Worm
25%
18 Monster Trucks
25%
19 Moonfall
25%
20 Morbius
25%
21 Mothra
25%
22 My Stepmother is an Alien
25%
2 The Man from Planet X
25%
15 The Mist
25%
23 (The) Mysterious Island
25%
No matching quizzes found
Score Distribution
Percent of People with Each Score
Percentile by Number Answered
Your Score History
You have not taken this quiz since the last reset